<?xml version="1.0" encoding="UTF-8"?><?xml-stylesheet type="text/xsl" href="static/style.xsl"?><OAI-PMH xmlns="http://www.openarchives.org/OAI/2.0/" xmlns:xsi="http://www.w3.org/2001/XMLSchema-instance" xsi:schemaLocation="http://www.openarchives.org/OAI/2.0/ http://www.openarchives.org/OAI/2.0/OAI-PMH.xsd"><responseDate>2026-06-01T18:56:51Z</responseDate><request verb="GetRecord" identifier="oai:riuma.uma.es:10630/39774" metadataPrefix="marc">https://riuma.uma.es/rest/oai/request</request><GetRecord><record><header><identifier>oai:riuma.uma.es:10630/39774</identifier><datestamp>2026-02-03T12:40:31Z</datestamp><setSpec>com_10630_2254</setSpec><setSpec>col_10630_37957</setSpec></header><metadata><record xmlns="http://www.loc.gov/MARC21/slim" xmlns:dcterms="http://purl.org/dc/terms/" xmlns:doc="http://www.lyncode.com/xoai" xmlns:xsi="http://www.w3.org/2001/XMLSchema-instance" xsi:schemaLocation="http://www.loc.gov/MARC21/slim http://www.loc.gov/standards/marcxml/schema/MARC21slim.xsd">
   <leader>00925njm 22002777a 4500</leader>
   <datafield ind2=" " ind1=" " tag="042">
      <subfield code="a">dc</subfield>
   </datafield>
   <datafield ind2=" " ind1=" " tag="720">
      <subfield code="a">Franco Cejas, Pablo</subfield>
      <subfield code="e">author</subfield>
   </datafield>
   <datafield ind2=" " ind1=" " tag="260">
      <subfield code="c">2025</subfield>
   </datafield>
   <datafield ind2=" " ind1=" " tag="520">
      <subfield code="a">Esta tesis doctoral contribuye a la eficiencia de los sistemas de insolvencia en España a través del análisis de los institutos preconcursales, los costes indirectos derivados de las situaciones de insolvencia y del tratamiento de los créditos tributarios. El estudio queda estructurado en cuatro capítulos. El capítulo I analiza los antecedentes históricos y normativos del sistema legal de la insolvencia en España, abordando la represión al deudor insolvente, la quiebra en el Código de Comercio, la Ley de Suspensión de Pago y los diferentes sistemas de insolvencia que han estado vigentes en España. Por su parte, en el capítulo II se realiza un estudio del presupuesto objetivo en el sistema de insolvencia y una especial referencia a los costes indirectos derivados de la insolvencia. Concretamente, se abordan los conceptos de insolvencia inminente, insolvencia cualificada y probabilidad de insolvencia, las clases de costes indirectos, los estudios previos que los han analizado y la cuantificación de los mismos en el ámbito nacional. En el capítulo III se estudia el denominado Derecho Preconcursal, sus presupuestos, la comunicación de apertura de negociaciones, los Planes de Reestructuración, el contenido y formalización de dichos planes, los cauces para su homologación y los sistemas de alerta temprana. El Capítulo IV se dedica a los créditos tributarios en el Derecho Preconcursal. A tal efecto, se analiza la posición de dichos créditos respecto a la naturaleza, forma y contenido de la comunicación de apertura de negociaciones con los acreedores. También, la legitimación de los acreedores de Derecho Público para impugnar el Plan de Reestructuración, las normas preconcursales sobre los créditos de Derecho Público en el procedimiento especial de microempresas y las medidas de reestructuración singular de aplazamientos y fraccionamientos de pago de los créditos tributarios.</subfield>
   </datafield>
   <datafield ind2=" " ind1=" " tag="520">
      <subfield code="a">Como complemento de lo anterior, aparecen las principales conclusiones del estudio y las fuentes bibliográficas utilizadas en el mismo.</subfield>
   </datafield>
   <datafield ind1="8" ind2=" " tag="024">
      <subfield code="a">https://hdl.handle.net/10630/39774</subfield>
   </datafield>
   <datafield tag="653" ind2=" " ind1=" ">
      <subfield code="a">Insolvencia - España - Tesis doctorales</subfield>
   </datafield>
   <datafield tag="653" ind2=" " ind1=" ">
      <subfield code="a">España - Política económica</subfield>
   </datafield>
   <datafield tag="653" ind2=" " ind1=" ">
      <subfield code="a">Derecho concursal - España</subfield>
   </datafield>
   <datafield ind2="0" ind1="0" tag="245">
      <subfield code="a">Análisis de la insolvencia en España: costes indirectos, institutos preconcursales y créditos públicos</subfield>
   </datafield>
</record>
</metadata></record></GetRecord></OAI-PMH>